Normal view
MARC view
- Owen, Mark
Entry Personal Name
001 - CONTROL NUMBER
- control field: 37107
003 - CONTROL NUMBER IDENTIFIER
- control field: OSt
005 - DATE AND TIME OF LATEST TRANSACTION
- control field: 20150112134817.0
008 - FIXED-LENGTH DATA ELEMENTS
- fixed length control field: 150112|| aca||aabn | a|a d
040 ## - CATALOGING SOURCE
- Original cataloging agency: OSt
100 10 - HEADING--PERSONAL NAME
- Personal name: Owen, Mark